Alle Länder Europa Amerika - Statistiken

Allgemein
  • Dieses Quiz wurde 122 mal gespielt
  • Das Durchschnittsergebnis liegt bei 63 aus 80
Antworten auf der Karte
Die Antworten werden auf der Karte rot bzw. grün angezeigt, abhängig davon wie oft sie richtig erraten wurden.
 
Antwortstatistiken
Land % Korrekt
Usa
98%
Kanada
96%
Brasilien
93%
Mexiko
93%
Argentinien
89%
Chile
89%
Deutschland
87%
Peru
87%
Schweiz
86%
Albanien
85%
Frankreich
85%
Lettland
85%
Österreich
85%
Polen
85%
Schweden
85%
Belarus
84%
Belgien
84%
Estland
84%
Griechenland
84%
Irland
84%
Island
84%
Italien
84%
Kolumbien
84%
Kroatien
84%
Norwegen
84%
Portugal
84%
Russland
84%
Slowakei
84%
Slowenien
84%
Spanien
84%
Ukraine
84%
Ungarn
84%
Uruguay
84%
Vereinigtes Königreich
84%
Bosnien und Herzegowina
83%
Dänemark
83%
Finnland
83%
Kuba
83%
Litauen
83%
Niederlande
83%
Panama
83%
Serbien
83%
Tschechien
83%
Kosovo
82%
Luxemburg
82%
Malta
82%
Nordmazedonien
82%
Paraguay
82%
Bolivien
80%
Bulgarien
80%
Rumänien
80%
Venezuela
80%
Moldawien
79%
Montenegro
79%
Andorra
78%
Haiti
78%
Liechtenstein
78%
Vatikanstadt
77%
San Marino
76%
Dominikanische Republik
74%
Ecuador
74%
Monaco
74%
El Salvador
72%
Jamaika
72%
Suriname
72%
Bahamas
71%
Costa Rica
70%
Guyana
68%
Honduras
68%
Guatemala
67%
Nicaragua
64%
Trinidad und Tobago
64%
St. Lucia
63%
Belize
62%
St. Kitts und Nevis
62%
Barbados
61%
Dominica
61%
St. Vincent und die Grenadinen
61%
Grenada
58%
Antigua und Barbuda
55%
Keine übereinstimmenden Quizze gefunden
Verteilung der Resultate
Anzahl Personen mit jedem Resultat
Perzentil nach korrekt beantworteten Fragen
Ihre Resultats-Entwicklung
Sie haben dieses Quiz noch nicht gespielt